12 Months in 1 minute - Statistics

General Stats
  • This quiz has been taken 221 times
  • The average score is 12 of 12
Answer Stats
Hint Answer % Correct
1 jan
99%
2 feb
98%
3 mar
97%
10 oct
97%
8 aug
96%
12 dec
96%
7 jul
96%
6 jun
96%
5 may
96%
11 nov
96%
9 sep
96%
4 apr
95%
No matching quizzes found
Score Distribution
Percent of People with Each Score
Percentile by Number Answered
Your Score History
You have not taken this quiz